Kingdom Come: Deliverance real characters - Statistics

General Stats
  • This quiz has been taken 15 times
  • The average score is 7 of 15
Answer Stats
Hint Answer % Correct
Usurper brother Sigismund of Luxembourg
86%
Future Hussite general Jan Zizka
79%
Future lord of Pirkstein Castle Jan Ptáček
71%
Their father Karel IV
71%
Burgrave of Silver Skalitz and royal Hetman Racek Kobyla
71%
His uncle Hanuš of Leipa
64%
Owner of Suchdol fortress Petr Píšek
50%
Lord of Talmberg Diviš of Talmberg
43%
Turncoat Jobst of Moravia
43%
Hetman of Pretender. Leads Skalitz raid Markvart of Úlice
36%
His wife Štěpánka of Talmberg
36%
Robber baron known as the ___ _____ Hynek of Kundstadt and jaispitz
29%
Major physician in the Mysteria Eclessiae DLC Zikmund Albík
21%
Supreme mint master of Bohemia Oldřich Vavák of Hradec
14%
Bohemian King Wenceslaus IV
14%
No matching quizzes found
Score Distribution
Percent of People with Each Score
Percentile by Number Answered
Your Score History
You have not taken this quiz